Mapping applied linguistics : a guide for students and practitioners

Bibliographic Details
Main Authors: Hall, Christopher J. , 1961- (Author), Smith, Patrick H. (Author), Wicaksono, Rachel (Author)
Format: Book
Language:English
Published: Abingdon, Oxon; New York : Routledge , c2011
Subjects:

MARC

LEADER 00000cam a2200000 7i4500
001 0000077921
005 20170226093000.0
008 100727s2011 enk eng
020 |a 0203832426 (ebook) 
020 |a 041555912X (hardback : alk. paper) 
020 |a 0415559138 (paperback :alk. paper) 
020 |a 9780203832424 (ebook) 
020 |a 9780415559126 (hardback : alk. paper) 
020 |a 9780415559133 (paperback : alk. paper) 
050 0 0 |a P129   |b .H35 2011 
090 0 0 |a P129   |b .H35 2011 
100 1 |a Hall, Christopher J. ,   |d 1961- ,   |e author 
245 1 0 |a Mapping applied linguistics :   |b a guide for students and practitioners   |c Christopher J. Hall, Patrick H. Smith and Rachel Wicaksono 
260 |a Abingdon, Oxon;   |a New York :   |b Routledge ,   |c c2011 
300 |a xxv, 411 p. :   |b ill. ;   |c 25 cm. 
504 |a Includes bibliographical references (p. [362]-389) and index 
505 0 |a 1. Introduction -- 2. Language variation -- 3. Key population -- 4. Discourse analysis -- 5. Language policy and planning -- 6. Literacy -- 7. Language and education -- 8. Bilingual and multilingual education -- 9. Additional language education -- 10. Translation -- 11. Lexicography -- 12. Forensic linguistics -- 13. Language pathology -- 14. Prospects and perspectives 
650 0 |a Applied linguistics 
650 0 |a Language and languages   |x Study and teaching 
700 1 |a Smith, Patrick H. ,   |e author 
700 1 |a Wicaksono, Rachel ,   |e author 
999 |a 1000148995   |b Book   |c OPEN SHELF (30 DAYS)   |e Gong Badak Campus